Las razones del Derecho. Estudios en honor de José Joaquín Ugarte Godoy
Gespeichert in:
| Weitere Verfasser: | , , |
|---|---|
| Format: | Unbekannt |
| Sprache: | Englisch |
| Veröffentlicht: |
Santiago, Chile:
Thomson Reuters,
2021
|
| Ausgabe: | 1ª edición |
| Schlagworte: | |
| Tags: |
Tag hinzufügen
Keine Tags, Fügen Sie den ersten Tag hinzu!
|
MARC
| LEADER | 00000 a2200000 4500 | ||
|---|---|---|---|
| 003 | CL-VaPUC | ||
| 005 | 20211229185627.0 | ||
| 008 | 211217b2021 ||||| |||| 00| 0 eng d | ||
| 999 | |c 434385 |d 434383 | ||
| 020 | |a 978-956-400-230-9 | ||
| 040 | |c Pontificia Universidad Católica de Valparaíso | ||
| 082 | |a 340.1 COR 2021 |2 22 | ||
| 100 | |a Correa Bascuñan, Mario |9 865356 |e editor | ||
| 245 | |a Las razones del Derecho. |b Estudios en honor de José Joaquín Ugarte Godoy | ||
| 250 | |a 1ª edición | ||
| 260 | |a Santiago, Chile: |b Thomson Reuters, |c 2021 | ||
| 300 | |a 675 páginas | ||
| 583 | |k Sebastián Perez |c 20211217 | ||
| 650 | 0 | |a Derecho privado |9 258243 | |
| 700 | |a Carvajal Ramírez, Patricio |e editor |9 865367 | ||
| 700 | |a Widow Lira, Felipe |e editor |9 865368 | ||
| 942 | |2 ddc |c BK | ||
| 952 | |0 0 |1 0 |2 ddc |4 0 |6 340_100000000000000_COR_2021 |7 0 |8 A |9 579665 |a BIBDER |b BIBDER |c GEN |d 2021-12-17 |e 31 |g 0.00 |i 5629829 |o 340.1 COR 2021 |p 5629829 |r 2023-01-25 |t 1 |v 0.00 |w 2021-12-17 |y BK |k DER | ||